[Event "Canadian op"]
[Site "Ottawa"]
[Date "1980.07.23"]
[Round "6"]
[White "Rees, Rolf"]
[Black "Beauregard, Guy"]
[Result "1-0"]
[WhiteElo "1620"]
[BlackElo "1436"]
[PlyCount "63"]
[EventDate "1980.07.19"]
[EventType "swiss"]
[EventRounds "10"]
[EventCountry "CAN"]
[SourceTitle "EXT 2022"]
[Source "ChessBase"]
[SourceDate "2021.10.06"]
[SourceVersion "1"]
[SourceVersionDate "2021.10.06"]
[SourceQuality "1"]

1. g4 g5 2. e3 Bg7 3. Ne2 e5 4. Nbc3 d5 5. Ng3 Nf6 6. h3 Be6 7. Bg2 c6 8. d3 Qc7 9. Nce2 Nbd7 10. f4 gxf4 11. exf4 exf4 12. Bxf4 Qb6 13. Qd2 0-0-0 14. a4 Rde8 15. a5 Qxb2 16. 0-0 Qb5 17. a6 Nxg4 18. axb7+ Qxb7 19. Rab1 Nb6 20. hxg4 Bxg4 21. c4 dxc4 22. Ne4 Bf8 23. N2c3 cxd3 24. Nf6 Bc5+ 25. Kh1 Be2 26. Bh3+ Kd8 27. Nxe2 Qa6 28. Nxe8 Rxe8 29. Bg5+ Be7 30. Rxf7 Nd5 31. Rb8+ Kc7 32. Qf4+ 1-0